Estadísticas para Copas de cada pais

Haz click aquí para intentar la prueba.

Estadísticas generales

  • Esta prueba ha sido intentada 71 veces
  • La puntuación promedio es 8 de 8

Estadísticas de respuestas

Mundiales que ganoSelección% Correcto
1978,1986,2022Argentina
100%
2010España
100%
1998,2018Francia
100%
1958,1962,1970,1994,2002Brasil
99%
1954,1974,1990,2014Alemania
97%
1934,1938,1982,2006Italia
96%
1930,1950Uruguay
96%
1966Inglaterra
94%

Distribución de puntuación

Porcentaje por número respondido

Porcentaje de gente con cada puntuación

Historial de tus puntuaciones

No has intentado esta prueba.